000 00945nam a22002417a 4500
008 240605b mp ||||| |||| 00| 0 mon d
020 _a978-99973-1-856-5
035 _a25535
040 _aHE0623081
_bmon
_cMN-UlNLM
_dMN-UlNLM
_erda
041 _amon
042 _a59373
084 _2NNA
_a84(5Мон)-44
_bГ.967
100 _aИчинноров Б. Ганганмөрөн Х.
245 0 _aТэнгэрийн охин
264 _aУБ.
_bМонсудар хэвлэлийн газар
_c2021
300 _a32х.
336 _2rdacontent
_atext
_btxt
337 _2rdamedia
_aunmediated
_bn
338 _2rdacarrier
_avolume
_bnc
650 _aЭнэ номонд зохиолчийн бичсэн "Тэнгэрийн охин", "Хилэнцийн орд", "Нүдний эм","Дэлтэй цэнхэр", "Ээжий шувуу", "Чулуун аялгуу"... з...
942 _2NNA
_cBK
999 _c895218
_d895275